000 00631nam a2200181 a 4500
001 000023377
005 20200930022157.0
008 101206s1989 ru 000 0 spa d
040 _aDO-SdBNP
_bspa
_cBNPHU
082 _ann*
_bnn*
100 1 _aZagladin, Vadim.
_948156
245 1 0 _aReestructurar y humanizar las relaciones internacionales /
_cVadim Zagladin.
260 _aMoscú :
_bAgencia de Prensa Nóvosti,
_c1989.
300 _a[171] p. ;
_c16 cm.
500 _aIncluye notas y referenacias bibliográficas al pie de las páginas.
500 _aIncluye datos biográficos del autor en la contra cubierta.
049 _aBNGR
999 _c22874
_d22874